[Event "Valencia op 7th"]
[Site "Valencia"]
[Date "2014.01.03"]
[Round "3"]
[White "Cebrian Flores, Juan Antonio"]
[Black "Barrachina Blanco, Francisco"]
[Result "1-0"]
[WhiteElo "1992"]
[BlackElo "1679"]
[PlyCount "101"]
[EventDate "2014.01.02"]
[EventType "swiss"]
[EventRounds "7"]
[EventCountry "ESP"]
[SourceTitle "CBM 158 Extra"]
[Source "ChessBase"]
[SourceDate "2014.02.28"]
[SourceVersion "1"]
[SourceVersionDate "2014.02.28"]
[SourceQuality "1"]

1. d4 Nf6 2. c4 g6 3. Nc3 Bg7 4. e4 d6 5. f4 Bg4 6. Be2 Bxe2 7. Qxe2 0-0 8. e5 dxe5 9. dxe5 Ne8 10. Nf3 c6 11. Be3 Nc7 12. 0-0 Qc8 13. Rad1 Nba6 14. Rd2 Qg4 15. h3 Qc8 16. Rfd1 f6 17. Rd7 Qe8 18. b4 Rc8 19. Bxa7 Nd5 20. Nxd5 cxd5 21. R7xd5 Nxb4 22. Rd7 fxe5 23. fxe5 Ra8 24. Rxb7 Qa4 25. Bf2 Nxa2 26. Rdd7 Rae8 27. Ra7 Nc3 28. Qd3 Qb3 29. Rxe7 Rxe7 30. Rxe7 Qb1+ 31. Qxb1 Nxb1 32. Rd7 Nc3 33. Bh4 Ne2+ 34. Kf2 Nf4 35. Rd8 Ne6 36. Rxf8+ Bxf8 37. Bg3 h6 38. Ke2 Kf7 39. Kd3 Ke7 40. Ke4 Nc7 41. Nd4 Kf7 42. Be1 Ne6 43. Nb5 Ke8 44. Bd2 Kd7 45. Kd5 Bg7 46. Be3 Bf8 47. g3 g5 48. Bb6 Bb4 49. c5 Be1 50. c6+ Ke7 51. Nd6 1-0

[Event "Valencia op 7th"]
[Site "Valencia"]
[Date "2014.01.02"]
[Round "1"]
[White "Pavia Miralles, Jose Manuel"]
[Black "Barrachina Blanco, Francisco"]
[Result "1-0"]
[WhiteElo "2163"]
[BlackElo "1679"]
[PlyCount "91"]
[EventDate "2014.01.02"]
[EventType "swiss"]
[EventRounds "7"]
[EventCountry "ESP"]
[SourceTitle "CBM 158 Extra"]
[Source "ChessBase"]
[SourceDate "2014.02.28"]
[SourceVersion "1"]
[SourceVersionDate "2014.02.28"]
[SourceQuality "1"]

1. d4 Nf6 2. c4 g6 3. Nc3 Bg7 4. e4 d6 5. f3 Nbd7 6. Bg5 0-0 7. Bd3 c5 8. d5 Ne5 9. Nge2 a6 10. 0-0 h6 11. Be3 Nxd3 12. Qxd3 Bd7 13. Rab1 a5 14. Nf4 b6 15. Kh1 Kh7 16. Rbd1 Be8 17. g4 Nd7 18. Qe2 Ne5 19. Ng2 Bd7 20. h3 g5 21. f4 gxf4 22. Nxf4 Ng6 23. Nh5 f6 24. Qd2 Rh8 25. Ne2 a4 26. Neg3 Ne5 27. Qe2 Rg8 28. Nf5 Bf8 29. Bf4 Ng6 30. Bc1 Qe8 31. Qd2 Bxf5 32. gxf5 Ne5 33. Qe2 Nxc4 34. Rg1 Rxg1+ 35. Rxg1 Ne5 36. Bf4 Nd3 37. Be3 Qf7 38. Qg2 Nxb2 39. Qg6+ Qxg6 40. fxg6+ Kg8 41. g7 Bxg7 42. Rxg7+ Kf8 43. Bxh6 Ra6 44. Nf4 Ke8 45. Ne6 Kd7 46. Rg8 1-0

[Event "Provincial-ch Valencia Primera"]
[Site "Valencia"]
[Date "2010.10.02"]
[Round "1.19"]
[White "Del Rosario Hervas, Enrique Mar"]
[Black "Barrachina Blanco, Francisco"]
[Result "1/2-1/2"]
[WhiteElo "1615"]
[BlackElo "1786"]
[PlyCount "30"]
[EventDate "2010.10.02"]
[EventType "swiss"]
[EventRounds "7"]
[EventCountry "ESP"]
[SourceTitle "EXT 2024"]
[Source "ChessBase"]
[SourceDate "2023.10.10"]
[SourceVersion "1"]
[SourceVersionDate "2023.10.10"]
[SourceQuality "1"]

1. e4 e6 2. d4 d5 3. Nd2 Nf6 4. e5 Nfd7 5. Bd3 c5 6. c3 Nc6 7. Ne2 Qb6 8. Nf3 cxd4 9. cxd4 f6 10. exf6 Bb4+ 11. Bd2 Nxf6 12. 0-0 0-0 13. a3 Bd6 14. b4 e5 15. dxe5 Nxe5 1/2-1/2

[Event "Provincial-ch Valencia Primera"]
[Site "Valencia"]
[Date "2009.11.21"]
[Round "7"]
[White "Barrachina Blanco, Francisco"]
[Black "Romero Cuerda, Jose Luis"]
[Result "1-0"]
[WhiteElo "1710"]
[BlackElo "1643"]
[PlyCount "85"]
[EventDate "2009.10.03"]
[EventType "swiss"]
[EventRounds "7"]
[EventCountry "ESP"]
[SourceTitle "EXT 2024"]
[Source "ChessBase"]
[SourceDate "2023.10.10"]
[SourceVersion "1"]
[SourceVersionDate "2023.10.10"]
[SourceQuality "1"]

1. e4 e5 2. Nf3 d6 3. h3 Nc6 4. Nc3 Nf6 5. Bc4 Be7 6. a3 0-0 7. d3 Be6 8. Nd5 h6 9. Be3 Bxd5 10. exd5 Nb8 11. g4 Nh7 12. h4 f6 13. Qd2 Nd7 14. h5 Ng5 15. Nh4 Nb6 16. Ba2 Qd7 17. Rg1 f5 18. gxf5 Rxf5 19. 0-0-0 Nf3 20. Nxf3 Rxf3 21. Bxh6 Bf6 22. Be3 Kf7 23. Rg2 Qh3 24. Rdg1 Qxh5 25. Bg5 Rg8 26. Kb1 Rf5 27. Bxf6 Rxf6 28. Qc3 Na8 29. Bc4 a6 30. d4 e4 31. Qe1 Qf5 32. Qe3 b5 33. Bb3 Qf3 34. Qd2 Qf4 35. Qa5 e3 36. fxe3 Qxe3 37. Qxa6 Rf2 38. Rg4 Rf4 39. Qxb5 Rxg4 40. Qd7+ Kf6 41. Qxg4 Nb6 42. Rf1+ Ke7 43. Qh4+ 1-0

[Event "Provincial-ch Valencia Primera"]
[Site "Valencia"]
[Date "2009.10.17"]
[Round "2"]
[White "Barrachina Blanco, Francisco"]
[Black "Sanchez Crespo, Arcadio"]
[Result "1-0"]
[WhiteElo "1710"]
[BlackElo "1850"]
[PlyCount "45"]
[EventDate "2009.10.03"]
[EventType "swiss"]
[EventRounds "7"]
[EventCountry "ESP"]
[SourceTitle "EXT 2024"]
[Source "ChessBase"]
[SourceDate "2023.10.10"]
[SourceVersion "1"]
[SourceVersionDate "2023.10.10"]
[SourceQuality "1"]

1. e4 e5 2. Bc4 Nf6 3. d3 Be7 4. f4 d6 5. Nf3 Bg4 6. h3 Bxf3 7. Qxf3 Nc6 8. Be3 Na5 9. Bb5+ c6 10. Ba4 b5 11. Bb3 Nxb3 12. axb3 Qc7 13. fxe5 dxe5 14. Qf2 a6 15. Nd2 0-0 16. g4 Bb4 17. c3 Bd6 18. Rg1 Rfd8 19. Bb6 Qd7 20. Bxd8 Qxd8 21. Rf1 Qc7 22. Ke2 c5 23. Qf3 1-0